00944nam a2200241 a 450000500170000000800410001704000250005804100080008304400070009109000130009810000360011124501710014726000670031830000100038565000090039565000330040465000220043765000220045966200360048194200130051799900150053095201570054520180803165050.0140310b1998 ck |||||rm||| 00| 0 spa d aCO-BoIAVHcCO-BoIAVH aspa ack aTEb0087 aUmaña Villaveces, Ana María aEfecto de barrera causado por el corredor de servidumbre de una línea de transmisión eléctrica de alta tensión, sobre algunas especies de aves del sotobosque aBogotábUniversidad de los Andes. Facultad de Cienciasc1998 a82 p. aAves aFragmentación de hábitat aEcología animal aImpacto ambiental aColombiadSan RafaelbAntioquia cTESIS2z c3089d3089 00102z40708TESISIINV2017aBogotabBogotad2003-03-05eRosselli, Loretal0oTE-0087p003456r2012-12-04 00:00:00tEj. 1w2012-12-04xDonacionyTESIS